| 000 | 00708nam a2200205 a 4500 | ||
|---|---|---|---|
| 001 | 000048129 | ||
| 005 | 20201002060935.0 | ||
| 008 | 181119s2014 dr a 000 0 spa d | ||
| 020 | _a9789945118698 | ||
| 040 |
_aDO-SdBNP _bspa _cBNPHU |
||
| 082 |
_axxx _bE24a |
||
| 245 | 0 | 0 |
_aEducación afectiva y sexual 3 : _beducación primaria / _cÁngela Segura de Óleo ... [et al.]; ilustración Ruddy Núñez ... [et al.]. |
| 260 |
_aSanto Domingo : _bSantillana, _c2014. |
||
| 300 |
_a63p. : _bil., ; _c28 cm. |
||
| 490 | 1 | _aProyecto todos juntos | |
| 590 | _aInventariado, 2018/MFF | ||
| 700 | 1 |
_aSegura de Óleo, Ángela _974879 |
|
| 700 | 1 |
_aNúñez, Ruddy _eil. _923171 |
|
| 830 | 0 |
_aProyecto todos juntos _930856 |
|
| 999 |
_c47617 _d47617 |
||